| 000 | 00468nam a2200229Ia 4500 | ||
|---|---|---|---|
| 003 | IT-RoPAU | ||
| 008 | 120407s9999 xx 000 0 und d | ||
| 040 | _aIT-RoPAU | ||
| 040 | _cIT-RoPAU | ||
| 041 | _aita | ||
| 100 | _aF. X. Ronsin | ||
| 100 | _cs.j. | ||
| 245 | _aPer meglio governare. 2a ed. | ||
| 250 | _aAlba | ||
| 260 | _aEdizioni Paoline | ||
| 260 | _c1961 | ||
| 300 | _c cm | ||
| 490 | _aMinisterium | ||
| 490 | _v2 | ||
| 942 | _cBK | ||
| 999 |
_c261 _d261 |
||